=LDR 00000nam 2200000 4500 =001 000181 =020 $9786230999314 =082 $636.600 =100 $H. Sumarlin =245 $Pemberdayaan ekonomi desa jilid 3 =250 $Cetakan II =264 $Yogyakarta: Griya Pustaka Utama 2024 =300 $72 halaman; 14 x 21 Cm =650 $Peternakan =905 $636.6 SUM p/III =336 $$a =337 $$a =338 $$a =005 20260702151432.0 =008 260702s2026\\\\\\\\\\\\\\\\\\\\\\\\\\\\\\\\\\\\\\\\\